[Event "ODJM A 2025"]
[Site "Willingen GER"]
[Date "2025.06.10"]
[Round "4"]
[White "Hoffmann, Alexander"]
[Black "Jürgenpott, Maximilian"]
[Result "0-1"]
[Termination "normal"]
[Board "38"]
[WhiteElo "1907"]
[BlackElo "1867"]
[WhiteClock "00:22:38"]
[BlackClock "00:18:39"]
[PlyCount "52"]
[WhiteFideId "16240219"]
[BlackFideId "16297733"]
[EventCountry "GER"]
[EventRounds "9"]
[EventType "swiss"]
[EventDate "2025.06.07"]

1. c4 {[%clk 01:30:58]} {[%emt 00:00:01]} Nf6 {[%clk 01:30:48]} {[%emt
00:00:13]} 2. Nf3 {[%clk 01:31:08]} {[%emt 00:00:19]} c6 {[%clk 01:31:11]}
{[%emt 00:00:06]} 3. e3 {[%clk 01:31:10]} {[%emt 00:00:29]} d5 {[%clk
01:31:21]} {[%emt 00:00:20]} 4. b3 {[%clk 01:31:04]} {[%emt 00:00:36]} Bf5
{[%clk 01:30:58]} {[%emt 00:00:52]} 5. Bb2 {[%clk 01:30:30]} {[%emt 00:01:05]}
e6 {[%clk 01:30:59]} {[%emt 00:00:29]} 6. Be2 {[%clk 01:30:28]} {[%emt
00:00:31]} Nbd7 {[%clk 01:30:32]} {[%emt 00:00:57]} 7. d3 {[%clk 01:30:01]}
{[%emt 00:00:58]} Bd6 {[%clk 01:26:43]} {[%emt 00:04:19]} 8. Nh4 {[%clk
01:25:15]} {[%emt 00:05:16]} Bg6 {[%clk 01:26:05]} {[%emt 00:01:08]} 9. Nxg6
{[%clk 01:24:54]} {[%emt 00:00:51]} hxg6 {[%clk 01:26:29]} {[%emt 00:00:06]}
10. h3 {[%clk 01:24:57]} {[%emt 00:00:28]} Qe7 {[%clk 01:25:17]} {[%emt
00:01:41]} 11. Nd2 {[%clk 01:21:53]} {[%emt 00:03:35]} e5 {[%clk 01:13:41]}
{[%emt 00:12:05]} 12. Qc2 {[%clk 01:13:23]} {[%emt 00:09:00]} g5 {[%clk
01:09:42]} {[%emt 00:04:28]} 13. O-O-O {[%clk 01:06:52]} {[%emt 00:07:01]} a5
{[%clk 00:50:43]} {[%emt 00:19:30]} 14. Nf3 {[%clk 00:59:32]} {[%emt 00:07:50]}
a4 {[%clk 00:40:51]} {[%emt 00:10:23]} 15. Nxg5 {[%clk 00:56:42]} {[%emt
00:03:19]} axb3 {[%clk 00:36:44]} {[%emt 00:04:38]} 16. axb3 {[%clk 00:54:19]}
{[%emt 00:02:52]} O-O {[%clk 00:33:58]} {[%emt 00:03:15]} 17. h4 {[%clk
00:50:56]} {[%emt 00:03:54]} Ra2 {[%clk 00:33:44]} {[%emt 00:00:44]} 18. Qb1
{[%clk 00:43:41]} {[%emt 00:07:45]} Rfa8 {[%clk 00:32:07]} {[%emt 00:02:07]}
19. Rd2 {[%clk 00:40:23]} {[%emt 00:03:48]} Bb4 {[%clk 00:31:36]} {[%emt
00:01:00]} 20. d4 {[%clk 00:34:14]} {[%emt 00:06:41]} Bxd2+ {[%clk 00:30:33]}
{[%emt 00:01:32]} 21. Kxd2 {[%clk 00:34:37]} {[%emt 00:00:07]} Qb4+ {[%clk
00:30:18]} {[%emt 00:00:44]} 22. Kc2 {[%clk 00:34:07]} {[%emt 00:01:01]} R8a3
{[%clk 00:24:48]} {[%emt 00:06:00]} 23. c5 {[%clk 00:28:34]} {[%emt 00:06:02]}
Qxb3+ {[%clk 00:24:35]} {[%emt 00:00:44]} 24. Kc1 {[%clk 00:28:54]} {[%emt
00:00:10]} Qa4 {[%clk 00:19:19]} {[%emt 00:05:46]} 25. Bd1 {[%clk 00:22:37]}
{[%emt 00:06:46]} Qa5 {[%clk 00:18:39]} {[%emt 00:01:09]} 26. Kc2 {[%clk
00:22:38]} {[%emt 00:00:31]} Qc3# {[%emt 00:00:44]} 0-1